| 000 | 00747cam a2200241 4500 | ||
|---|---|---|---|
| 008 | 090401t1989 xxu||||| |||| 00| 0 eng d | ||
| 020 | _a1872222005 | ||
| 035 | _a(Sirsi) u39387 | ||
| 041 | _aeng | ||
| 050 | _a692.8 | ||
| 245 | _aClaims : their mysteries unravelled: an introduction to claimsmanship for contractors and subcontractors | ||
| 260 |
_aKnutsford,Cheshire _bKnowles Publications _c1989 |
||
| 300 | _a72p. ; 30cm. | ||
| 350 | _a20.2 | ||
| 520 | _aAssociate editor Ann Glacki; case study by David Carrick. | ||
| 650 | _aBUILT ENVIRONMENT-BUILDING CONTRACT FORMS | ||
| 650 | _aCARRICK DAVID | ||
| 650 | _aGLACKI ANN | ||
| 650 | _aJAMES R KNOWLES | ||
| 700 |
_aKnowles, Roger _xEditor |
||
| 942 | _n0 | ||
| 948 | _c04/03/1997 | ||
| 999 |
_c90765 _d90765 |
||